000 00301nam a2200121Ia 4500
008 190216s9999||||xx |||||||||||||| ||und||
100 _aErnst Mayer
245 0 _aJantu Sastra Vargheekarana Thathuangal
260 _bKerala Bhasha Institute
_c1975
300 _a769p
650 _aZoology
942 _cBK
999 _c37844
_d37844